| 000 | 00562nam a2200229Ia 4500 | ||
|---|---|---|---|
| 005 | 20250317005029.0 | ||
| 008 | 240331s9999 xx 000 0 und d | ||
| 020 | _a0415010373 | ||
| 082 |
_a301 _bABB _23728 |
||
| 100 | _aAbbott, P | ||
| 100 | _aWallace, C | ||
| 245 | 3 |
_aAn Introduction to Sociology: _bFeminist Perspectives |
|
| 260 |
_aLondon; _aNew York, _bRoutledge _c1990 |
||
| 300 | _axv, 252 p., | ||
| 650 | _aFeminism | ||
| 650 | _aWomen | ||
| 650 | _aSociology | ||
| 650 | _aClass | ||
| 650 | _aWomen Health | ||
| 650 | _aPolitics | ||
| 942 | _cL | ||
| 999 |
_c1006 _d1006 |
||